[Event "I Memorial Oliver Gonzalez Somoza"]
[Site "Madrid ESP"]
[Date "2010.10.11"]
[Round "3.51"]
[White "Avendaño Mateos, Jose"]
[Black "Hernandez Mateo, Borja"]
[Result "1-0"]
[WhiteElo "1992"]
[BlackElo "1617"]
[PlyCount "97"]
[EventDate "2010.10.09"]
[EventType "swiss"]
[EventRounds "9"]
[EventCountry "ESP"]
[Source "lmi"]
[SourceDate "2010.10.09"]

1. d4 f5 2. e4 fxe4 3. Nc3 Nf6 4. Bg5 d5 5. Bxf6 exf6 6. Qh5+ g6 7. Qxd5 Be7 8.
Qxd8+ Bxd8 9. Nxe4 O-O 10. Bc4+ Kg7 11. O-O-O Re8 12. Nc3 c6 13. h3 Bc7 14. g3
b5 15. Nxb5 cxb5 16. Bd5 Bd7 17. Bxa8 Nc6 18. Bxc6 Bxc6 19. d5 Bb7 20. Nf3 Rd8
21. Rhe1 Bd6 22. Nd4 Rd7 23. Nxb5 Bc5 24. Re2 Rxd5 25. Rxd5 Bxd5 26. Nc3 Bf3
27. Rd2 Kf7 28. Nd5 Ke6 29. c4 a5 30. a3 Bf8 31. b4 axb4 32. axb4 Bxd5 33. Rxd5
Bxb4 34. Kd1 h5 35. Ke2 g5 36. f4 gxf4 37. gxf4 f5 38. Rb5 Bd6 39. Rb6 Kd7 40.
Rxd6+ Kxd6 41. h4 Kc5 42. Kd3 Kc6 43. Kd4 Kd6 44. c5+ Ke6 45. Kc4 Kd7 46. Kd5
Kc7 47. Ke5 Kc6 48. Kxf5 Kxc5 49. Ke6 1-0

[Event "I Memorial Oliver Gonzalez Somoza"]
[Site "Madrid ESP"]
[Date "2010.10.11"]
[Round "3.54"]
[White "Fernandez Gil, Ruben Carlos"]
[Black "De La Orden Alcocer, Alejandro"]
[Result "0-1"]
[WhiteElo "1719"]
[BlackElo "1798"]
[PlyCount "94"]
[EventDate "2010.10.09"]
[EventType "swiss"]
[EventRounds "9"]
[EventCountry "ESP"]
[Source "lmi"]
[SourceDate "2010.10.09"]

1. e4 c5 2. Nf3 e6 3. d4 cxd4 4. Nxd4 Ne7 5. Nc3 a6 6. Be3 Nbc6 7. Qd2 Nxd4 8.
Bxd4 Nc6 9. Be3 Be7 10. O-O-O Qa5 11. f4 Bb4 12. Bc4 Bxc3 13. Qxc3 Qxc3 14.
bxc3 b5 15. Be2 Bb7 16. Rd6 Ne7 17. Rhd1 Bxe4 18. Rxd7 Nd5 19. R1xd5 Bxd5 20.
Rc7 O-O 21. g3 Rfc8 22. Rxc8+ Rxc8 23. Kb2 Bc4 24. Bf3 Bd5 25. Be2 f6 26. a3
Kf7 27. Bd4 Re8 28. Bc5 e5 29. f5 g6 30. h4 Be4 31. g4 Rc8 32. fxg6+ hxg6 33.
Bb4 Bd5 34. h5 gxh5 35. gxh5 Kg7 36. Be7 f5 37. Bg5 Bc4 38. Bf3 e4 39. Bg2 Kh7
40. Bh3 Be6 41. Bf4 Rg8 42. c4 bxc4 43. Kc3 Rg1 44. h6 Ra1 45. Kb4 a5+ 46. Kc5
Rxa3 47. Bf1 Rf3 0-1

[Event "I Memorial Oliver Gonzalez Somoza"]
[Site "Madrid ESP"]
[Date "2010.10.11"]
[Round "3.57"]
[White "Sanchez Lopez, Pedro"]
[Black "Gonzalo Gonzalez, Francisco"]
[Result "0-1"]
[WhiteElo "1474"]
[BlackElo "1784"]
[PlyCount "96"]
[EventDate "2010.10.09"]
[EventType "swiss"]
[EventRounds "9"]
[EventCountry "ESP"]
[Source "lmi"]
[SourceDate "2010.10.09"]

1. Nf3 Nf6 2. g3 g6 3. Bg2 Bg7 4. O-O Nc6 5. c4 b6 6. Nc3 Bb7 7. d4 d6 8. Bg5
h6 9. Bc1 g5 10. d5 Na5 11. Qd3 Ba6 12. Nd2 Bc8 13. e4 Ng4 14. Nf3 Nb7 15. b4
a5 16. Nd4 axb4 17. Ncb5 Nc5 18. Qd1 Ne5 19. Qe2 b3 20. Bb2 bxa2 21. Nc6 Qd7
22. f4 gxf4 23. gxf4 Qg4 24. Qxg4 Nxg4 25. Bxg7 Rg8 26. Nxc7+ Kd7 27. Nxa8 Rxg7
28. Bh3 Ke8 29. Bxg4 Bxg4 30. Kh1 Nxe4 31. Rxa2 f5 32. Nxb6 Kf7 33. Nd8+ Kg6
34. Ne6 Rf7 35. Nd7 Kh5 36. Nd8 Rg7 37. Ne6 Rg8 38. Ndf8 Kh4 39. Nd7 Nc3 40.
Ra3 Ne4 41. Nd4 Nd2 42. Rf2 Nxc4 43. Rc3 Na5 44. h3 Bd1 45. Nxf5+ Kh5 46. Rg3
Rd8 47. Nb6 Rb8 48. Rd3 Bb3 0-1

[Event "I Memorial Oliver Gonzalez Somoza"]
[Site "Madrid ESP"]
[Date "2010.10.11"]
[Round "3.61"]
[White "Sanchez Tapia, Luis G"]
[Black "Garcia Galeote, Lorenzo"]
[Result "0-1"]
[WhiteElo "1638"]
[BlackElo "2040"]
[PlyCount "56"]
[EventDate "2010.10.09"]
[EventType "swiss"]
[EventRounds "9"]
[EventCountry "ESP"]
[Source "lmi"]
[SourceDate "2010.10.09"]

1. e4 Nc6 2. d4 d5 3. exd5 Qxd5 4. Nf3 Bg4 5. Be2 O-O-O 6. c4 Qf5 7. Be3 Nf6 8.
Nbd2 e5 9. d5 Nb4 10. O-O Nc2 11. Rc1 Nxe3 12. fxe3 e4 13. Nd4 Qg5 14. Rf4 Bh3
15. g3 Bd6 16. Nxe4 Nxe4 17. Rxe4 h5 18. Nf3 Qg6 19. Bd3 Bxg3 20. Qe2 Bf5 21.
Qg2 Bxe4 22. hxg3 Bxd3 23. Ne5 Qg5 24. Nxd3 Qxe3+ 25. Kh2 Qxd3 26. Qf2 Rde8 27.
Kh3 h4 28. Qf1 Qxg3# 0-1

[Event "I Memorial Oliver Gonzalez Somoza"]
[Site "Madrid ESP"]
[Date "2010.10.11"]
[Round "3.62"]
[White "Rives Higueras, Alan"]
[Black "Martin Rodriguez, Jose L"]
[Result "1-0"]
[WhiteElo "2012"]
[BlackElo "1519"]
[PlyCount "41"]
[EventDate "2010.10.09"]
[EventType "swiss"]
[EventRounds "9"]
[EventCountry "ESP"]
[Source "lmi"]
[SourceDate "2010.10.09"]

1. e4 e6 2. d4 d5 3. e5 c5 4. c3 Nc6 5. Nf3 Qb6 6. Bd3 Bd7 7. O-O cxd4 8. cxd4
Nxd4 9. Nxd4 Qxd4 10. Nc3 Qxe5 11. Re1 Qd6 12. Bb5 Bxb5 13. Nxb5 Qb8 14. Qa4
Ke7 15. Bf4 Qe8 16. Rac1 Rc8 17. Bd6+ Kd8 18. Rxc8+ Kxc8 19. Nxa7+ Kd8 20. Qa5+
Kd7 21. Qc7# 1-0

[Event "I Memorial Oliver Gonzalez Somoza"]
[Site "Madrid ESP"]
[Date "2010.10.11"]
[Round "3.63"]
[White "Peñaranda Grilo, Juan Carlos"]
[Black "Nuñez Alonso, Raul"]
[Result "1-0"]
[WhiteElo "1920"]
[BlackElo "1426"]
[PlyCount "65"]
[EventDate "2010.10.09"]
[EventType "swiss"]
[EventRounds "9"]
[EventCountry "ESP"]
[Source "lmi"]
[SourceDate "2010.10.09"]

1. d4 Nf6 2. Nf3 e6 3. c4 d5 4. e3 Bb4+ 5. Bd2 Bxd2+ 6. Nbxd2 Nbd7 7. Bd3 b6 8.
O-O Bb7 9. b3 O-O 10. Qc2 c5 11. cxd5 exd5 12. Rac1 Rc8 13. Qb1 Re8 14. Bf5 Ne4
15. Nxe4 dxe4 16. Ne5 Bc6 17. Nxc6 Rxc6 18. Bxe4 Rd6 19. dxc5 bxc5 20. Bxh7+
Kf8 21. Bf5 Qc7 22. Bxd7 Rxd7 23. Rfd1 Rde7 24. Qh7 f6 25. Qh8+ Kf7 26. Qh5+
Kf8 27. Qxc5 Qxc5 28. Rxc5 g6 29. Rdc1 Rd7 30. g3 Rd2 31. R1c2 Re5 32. Rc8+ Re8
33. Rxe8+ 1-0

[Event "I Memorial Oliver Gonzalez Somoza"]
[Site "Madrid ESP"]
[Date "2010.10.11"]
[Round "3.65"]
[White "Martinez Gomez, Ana Maria"]
[Black "Galan Aguado, Fernando"]
[Result "0-1"]
[WhiteElo "1605"]
[BlackElo "1823"]
[PlyCount "64"]
[EventDate "2010.10.09"]
[EventType "swiss"]
[EventRounds "9"]
[EventCountry "ESP"]
[Source "lmi"]
[SourceDate "2010.10.09"]

1. e4 e6 2. d4 d5 3. Nd2 dxe4 4. Nxe4 Bd7 5. Nf3 Bc6 6. Bd3 Nd7 7. O-O Ngf6 8.
Re1 Be7 9. Bf4 O-O 10. Qe2 Bxe4 11. Bxe4 Nxe4 12. Qxe4 c6 13. Rad1 Qa5 14. a3
Nf6 15. Qe5 Nd5 16. c4 Bf6 17. Qe4 Nxf4 18. Qxf4 Rad8 19. Qe4 a6 20. Re3 Rd7
21. b4 Qh5 22. Red3 Rfd8 23. Ne5 Bxe5 24. Re1 Rxd4 25. Rxd4 Rxd4 26. Qe3 Qxh2+
27. Kf1 Bf6 28. f3 Rd8 29. Qb6 Qh1+ 30. Qg1 Qxg1+ 31. Kxg1 h5 32. Kf2 Rd2+ 0-1

[Event "I Memorial Oliver Gonzalez Somoza"]
[Site "Madrid ESP"]
[Date "2010.10.11"]
[Round "3.67"]
[White "Tevar Becerra, Alvaro"]
[Black "Franco Rincon, David"]
[Result "0-1"]
[WhiteElo "1449"]
[BlackElo "1770"]
[PlyCount "48"]
[EventDate "2010.10.09"]
[EventType "swiss"]
[EventRounds "9"]
[EventCountry "ESP"]
[Source "lmi"]
[SourceDate "2010.10.09"]

1. e4 e5 2. Nf3 Nc6 3. Bc4 Bc5 4. Nc3 Nf6 5. O-O d6 6. h3 O-O 7. d3 h6 8. Nd5
Na5 9. a3 Nxc4 10. dxc4 Nxe4 11. b4 Bb6 12. Be3 Bxe3 13. fxe3 c6 14. c5 cxd5
15. Qxd5 Ng3 16. Rfd1 Ne2+ 17. Kf1 Nc3 18. Qxd6 Nxd1 19. Rxd1 Qxd6 20. cxd6 Bf5
21. c4 f6 22. c5 Rfd8 23. b5 Rac8 24. Rc1 Bd3+ 0-1

[Event "I Memorial Oliver Gonzalez Somoza"]
[Site "Madrid ESP"]
[Date "2010.10.12"]
[Round "4.1"]
[White "Korneev, Oleg"]
[Black "Barria Zuñiga, Daniel"]
[Result "1-0"]
[WhiteElo "2556"]
[BlackElo "2419"]
[PlyCount "321"]
[EventDate "2010.10.09"]
[EventType "swiss"]
[EventRounds "9"]
[EventCountry "ESP"]
[Source "lmi"]
[SourceDate "2010.10.09"]

1. e4 c5 2. Nf3 e6 3. d4 cxd4 4. Nxd4 Nc6 5. Nc3 Qc7 6. Be3 Nf6 7. f4 Bb4 8.
Ndb5 Qa5 9. e5 Ne4 10. Qd3 Nxc3 11. bxc3 Be7 12. g3 O-O 13. Bg2 Qa4 14. O-O b6
15. c4 Rb8 16. Qb3 Qb4 17. a3 Qxb3 18. cxb3 a6 19. Nd6 f6 20. Nxc8 Rfxc8 21.
exf6 gxf6 22. Rfd1 Rc7 23. f5 exf5 24. Bxc6 Rxc6 25. Rxd7 Re8 26. Kf2 Re6 27.
Rd3 Kf7 28. Kf3 Kg6 29. b4 Rc8 30. Rc1 Rec6 31. Rd7 Bf8 32. Ra7 a5 33. bxa5
bxa5 34. Rxa5 Rxc4 35. Rxc4 Rxc4 36. Ra8 Bd6 37. a4 Rc3 38. Ke2 Rc2+ 39. Kd3
Rxh2 40. a5 Ra2 41. a6 Ra3+ 42. Ke2 Bxg3 43. Rg8+ Kf7 44. Rxg3 Rxa6 45. Kf3 Ra4
46. Rh3 Kg6 47. Rh6+ Kg7 48. Rh1 Kg6 49. Bf4 Ra3+ 50. Kf2 Rb3 51. Rg1+ Kf7 52.
Ra1 Rb4 53. Kf3 Rb3+ 54. Be3 Rb4 55. Ra6 Rc4 56. Rb6 Re4 57. Bc5 Rc4 58. Rb7+
Kg6 59. Be3 Ra4 60. Rd7 Ra3 61. Kf4 Ra6 62. Bd4 Re6 63. Rd5 Re4+ 64. Kf3 Re6
65. Be3 Ra6 66. Rd1 Ra4 67. Rd6 Kf7 68. Bc5 Rc4 69. Rd7+ Kg6 70. Bf8 f4 71. Rd5
Rc8 72. Bc5 Rc6 73. Kxf4 Ra6 74. Bd4 Rc6 75. Rd8 Ra6 76. Bc5 Ra4+ 77. Kf3 Kf5
78. Rd5+ Kg6 79. Rd6 Ra5 80. Rc6 Ra1 81. Bd4 Rf1+ 82. Ke2 Rf5 83. Rc8 h5 84.
Be3 Kg7 85. Rc4 Kg6 86. Bf4 Rb5 87. Kf3 Kf5 88. Be3 Kg6 89. Rc1 Kf5 90. Rh1 Kg6
91. Rg1+ Kf5 92. Kg3 Rb4 93. Rf1+ Kg6 94. Rd1 Re4 95. Kf3 Ra4 96. Rd5 Ra6 97.
Kf4 Ra1 98. Rd2 Ra5 99. Ke4 Re5+ 100. Kf3 Rb5 101. Rd1 Kf5 102. Rg1 Rb4 103.
Rg8 Ra4 104. Rh8 h4 105. Rh5+ Kg6 106. Rd5 Rc4 107. Bd4 Rc6 108. Kg4 Re6 109.
Kxh4 Rc6 110. Kg4 Ra6 111. Kf4 Rc6 112. Rd8 Ra6 113. Rg8+ Kf7 114. Rg1 Re6 115.
Kf5 Rd6 116. Ke4 Re6+ 117. Kd5 Re8 118. Rf1 Rd8+ 119. Kc5 Rc8+ 120. Kb5 Rb8+
121. Kc6 Ke7 122. Rxf6 Rc8+ 123. Kb5 Rc7 124. Rh6 Rc2 125. Bc5+ Kd7 126. Rd6+
Kc7 127. Re6 Rb2+ 128. Bb4 Kd7 129. Re7+ Kd8 130. Ra7 Ke8 131. Kc4 Rf2 132. Kd5
Rf7 133. Ra6 Rb7 134. Ra8+ Kf7 135. Rf8+ Kg7 136. Bd6 Rb1 137. Rf2 Kg6 138. Ke6
Rg1 139. Rf6+ Kh7 140. Rf7+ Rg7 141. Rf5 Rg6+ 142. Ke5 Rg2 143. Bc5 Rg4 144.
Bd4 Rg2 145. Kf6 Rg6+ 146. Kf7 Rg7+ 147. Ke6 Rg2 148. Rf8 Rg8 149. Rf7+ Kg6
150. Rf6+ Kg5 151. Rf1 Re8+ 152. Kd5 Re2 153. Be5 Rd2+ 154. Ke6 Rg2 155. Rf5+
Kg4 156. Rf4+ Kg5 157. Re4 Kg6 158. Rh4 Ra2 159. Rg4+ Kh5 160. Kf5 Kh6 161.
Rh4# 1-0

[Event "I Memorial Oliver Gonzalez Somoza"]
[Site "Madrid ESP"]
[Date "2010.10.12"]
[Round "4.2"]
[White "Lariño Nieto, David"]
[Black "Almeida Quintana, Omar"]
[Result "1/2-1/2"]
[WhiteElo "2451"]
[BlackElo "2559"]
[PlyCount "157"]
[EventDate "2010.10.09"]
[EventType "swiss"]
[EventRounds "9"]
[EventCountry "ESP"]
[Source "lmi"]
[SourceDate "2010.10.09"]

1. e4 g6 2. Nc3 Bg7 3. g3 d6 4. Bg2 c5 5. d3 Nc6 6. f4 e6 7. Nf3 Nge7 8. O-O
O-O 9. Be3 b6 10. Bf2 Ba6 11. Qd2 Qd7 12. Rfe1 Rac8 13. Rad1 Nd4 14. Nxd4 cxd4
15. Ne2 e5 16. c3 dxc3 17. Nxc3 f5 18. d4 exf4 19. Qxf4 Bb7 20. Bh3 b5 21. a3
a5 22. Rd2 Ba8 23. d5 Rc4 24. Nxb5 Be5 25. Qg5 Bf6 26. Qe3 Qxb5 27. Bf1 Rb8 28.
exf5 Bxd5 29. b3 Rc3 30. Bxb5 Rxe3 31. Rxe3 Rxb5 32. a4 Rxb3 33. Rxe7 Bxe7 34.
Rxd5 gxf5 35. Rxa5 Ra3 36. Bb6 Kf7 37. Rxf5+ Ke6 38. Rh5 Rxa4 39. Rxh7 Ra2 40.
h4 Bf6 41. Rh6 Kf7 42. Rh5 Kg6 43. Rb5 Be5 44. Bf2 Ra4 45. Kg2 Kf5 46. Rb3 Kg4
47. Rb8 Kf5 48. Rf8+ Ke4 49. h5 d5 50. h6 Ra6 51. h7 Rh6 52. Rf7 d4 53. Be1 d3
54. Bd2 Rh5 55. Re7 Kd5 56. Kf3 Bh8 57. Bf4 Bf6 58. Rb7 Ke6 59. Ke4 Bh8 60. Be3
Rh2 61. Kxd3 Kf5 62. Bf4 Kg6 63. Ke4 Re2+ 64. Kf3 Re8 65. g4 Bg7 66. Bc1 Rf8+
67. Kg3 Rf1 68. Be3 Rf7 69. Rb6+ Rf6 70. Rb7 Rf7 71. Rb5 Kxh7 72. g5 Re7 73.
Bf4 Kg6 74. Rb6+ Kf5 75. Rb5+ Kg6 76. Kg4 Re6 77. Rb8 Rc6 78. Rd8 Ra6 79. Rd6+
1/2-1/2

[Event "I Memorial Oliver Gonzalez Somoza"]
[Site "Madrid ESP"]
[Date "2010.10.12"]
[Round "4.4"]
[White "Valles Moreno, Ivan"]
[Black "Moreno Ruiz, Javier"]
[Result "0-1"]
[WhiteElo "2403"]
[BlackElo "2491"]
[PlyCount "154"]
[EventDate "2010.10.09"]
[EventType "swiss"]
[EventRounds "9"]
[EventCountry "ESP"]
[Source "lmi"]
[SourceDate "2010.10.09"]

1. d4 d6 2. c4 e5 3. Nf3 e4 4. Ng1 f5 5. Nc3 c6 6. Nh3 Be7 7. g3 Nf6 8. Bg2 Na6
9. d5 Nc7 10. a4 cxd5 11. cxd5 b6 12. f3 exf3 13. exf3 Ba6 14. Kf2 O-O 15. Re1
Bb7 16. Nf4 Qd7 17. h4 Rfe8 18. Bh3 Bf8 19. Re6 Nxe6 20. Bxf5 Nxd5 21. Ncxd5
Qf7 22. Qd3 Nc5 23. Bxh7+ Kh8 24. Qb1 Bxd5 25. Bg6 Qf6 26. Nxd5 Qd4+ 27. Ne3
Nb3 28. Bxe8 Rxe8 29. Qf5 Kg8 30. Qb5 Nxc1 31. Qxe8 Qxb2+ 32. Nc2 Qxc2+ 33. Kf1
Nb3 34. Qe6+ Kh8 35. Re1 Nd2+ 36. Kg2 Ne4+ 37. Kh3 Nf2+ 38. Kg2 Ne4+ 39. Kh3
Nf6 40. Qf7 Qc8+ 41. g4 d5 42. h5 Kh7 43. Re6 Qc3 44. Qg6+ Kg8 45. Qf5 Qc1 46.
Kg2 Bc5 47. Rxf6 Qb2+ 48. Kh3 Qxf6 49. Qxd5+ Qf7 50. Qe4 Bd6 51. Qa8+ Qf8 52.
Qd5+ Kh8 53. Qe4 Qf4 54. Qe8+ Bf8 55. Kg2 Kg8 56. Qe6+ Qf7 57. Qe4 a6 58. Qc6
Qb3 59. g5 Qb2+ 60. Kg3 Qd4 61. f4 Qg1+ 62. Kh3 Qf1+ 63. Kg3 Qd3+ 64. Kg4 Qe2+
65. Kh4 b5 66. Qd5+ Kh8 67. Qa8 Qe1+ 68. Kg4 Qe6+ 69. f5 Qc4+ 70. Kf3 Kg8 71.
axb5 axb5 72. g6 b4 73. h6 gxh6 74. Qb7 Qd3+ 75. Kg2 Qc2+ 76. Kh1 Qd1+ 77. Kg2
Qg4+ 0-1

[Event "I Memorial Oliver Gonzalez Somoza"]
[Site "Madrid ESP"]
[Date "2010.10.12"]
[Round "4.5"]
[White "Strikovic, Aleksa"]
[Black "Rios Parra, Alejandro"]
[Result "1-0"]
[WhiteElo "2560"]
[BlackElo "2299"]
[PlyCount "85"]
[EventDate "2010.10.09"]
[EventType "swiss"]
[EventRounds "9"]
[EventCountry "ESP"]
[Source "lmi"]
[SourceDate "2010.10.09"]

1. c4 Nf6 2. Nc3 c5 3. Nf3 g6 4. e4 d6 5. d4 Na6 6. Be2 Bg7 7. O-O O-O 8. d5
Nc7 9. Bf4 Bg4 10. h3 Bxf3 11. Bxf3 Nd7 12. Qc2 Rb8 13. Be2 Re8 14. Rad1 Bd4
15. Kh1 a6 16. a4 Nf8 17. Bg5 Bf6 18. Be3 e5 19. g3 Bg7 20. a5 Nd7 21. Rb1 b6
22. axb6 Rxb6 23. Na4 Rb7 24. Bd2 Qb8 25. Ba5 Qa7 26. Kg2 Reb8 27. b3 Nb5 28.
cxb5 axb5 29. Nxc5 Qxc5 30. Rfc1 b4 31. Qa2 Qa7 32. Ra1 Ra8 33. Qc2 Qc5 34.
Bxb4 Rxa1 35. Bxc5 Rxc1 36. Qxc1 Nxc5 37. Bd1 Bf8 38. Qc4 Rc7 39. b4 Ne6 40.
Qa6 Nd4 41. b5 Rc1 42. Ba4 Rb1 43. b6 1-0

[Event "I Memorial Oliver Gonzalez Somoza"]
[Site "Madrid ESP"]
[Date "2010.10.12"]
[Round "4.6"]
[White "Fedorchuk, Sergey A"]
[Black "Perez Gonzalez, Jose Manuel"]
[Result "1-0"]
[WhiteElo "2671"]
[BlackElo "2318"]
[PlyCount "53"]
[EventDate "2010.10.09"]
[EventType "swiss"]
[EventRounds "9"]
[EventCountry "ESP"]
[Source "lmi"]
[SourceDate "2010.10.09"]

1. e4 c5 2. Nf3 d6 3. d4 cxd4 4. Nxd4 Nf6 5. Nc3 g6 6. Be3 Bg7 7. Be2 Nc6 8.
O-O O-O 9. Qd2 Ng4 10. Bxg4 Bxg4 11. Nxc6 bxc6 12. Bh6 Bxh6 13. Qxh6 Be6 14.
Rad1 Qa5 15. Rd3 Qe5 16. b3 Qg7 17. Qd2 f5 18. Re1 fxe4 19. Nxe4 Bf5 20. Rde3
Bxe4 21. Rxe4 Rf7 22. Re6 Raf8 23. f3 Rb8 24. h3 Rb7 25. c4 Rf5 26. Qe3 Kf8 27.
Rxd6 1-0

[Event "I Memorial Oliver Gonzalez Somoza"]
[Site "Madrid ESP"]
[Date "2010.10.12"]
[Round "4.7"]
[White "Piasetski, Leon"]
[Black "Paunovic, Dragan"]
[Result "1/2-1/2"]
[WhiteElo "2303"]
[BlackElo "2559"]
[PlyCount "120"]
[EventDate "2010.10.09"]
[EventType "swiss"]
[EventRounds "9"]
[EventCountry "ESP"]
[Source "lmi"]
[SourceDate "2010.10.09"]

1. Nf3 g6 2. c4 Bg7 3. Nc3 d6 4. d4 Bg4 5. e3 Nf6 6. Be2 O-O 7. h3 Bd7 8. O-O
Re8 9. e4 e5 10. d5 Nh5 11. Re1 a5 12. Bf1 Na6 13. Be3 Rf8 14. Rc1 b6 15. a3
Qe8 16. Nb5 f5 17. exf5 gxf5 18. Ng5 f4 19. Bd2 Qg6 20. Ne6 f3 21. g4 Bxe6 22.
dxe6 Ng3 23. e7 Rf7 24. fxg3 f2+ 25. Kh2 fxe1=Q 26. Bxe1 Re8 27. Bg2 Rfxe7 28.
b4 Rf8 29. Qd5+ Kh8 30. Qb7 Bh6 31. Rd1 Qc2 32. Rxd6 Be3 33. Bc3 Rb8 34. Qa7
Qc1 35. h4 Rg8 36. Kh3 axb4 37. axb4 Nxb4 38. Bxb4 Qxc4 39. Rd4 Bxd4 40. Bxe7
Qe6 41. Bg5 h6 42. Qxc7 hxg5 43. Be4 Rg7 44. Qd8+ Qg8 45. Qf6 Qf7 46. Qh6+ Kg8
47. Bf5 Kf8 48. Nd6 Qe7 49. Be4 Bc5 50. Nf5 Qf7 51. Nxg7 Qxg7 52. Qe6 Qe7 53.
Qc8+ Kg7 54. h5 Qf8 55. Qd7+ Be7 56. Qc7 Qf1+ 57. Bg2 Qf6 58. Qd7 Qd6 59. Qf5
Qf6 60. Qd7 Qd6 1/2-1/2

[Event "I Memorial Oliver Gonzalez Somoza"]
[Site "Madrid ESP"]
[Date "2010.10.12"]
[Round "4.8"]
[White "Herraiz Hidalgo, Herminio"]
[Black "Estrada Martinez, Cesar"]
[Result "1-0"]
[WhiteElo "2480"]
[BlackElo "2211"]
[PlyCount "41"]
[EventDate "2010.10.09"]
[EventType "swiss"]
[EventRounds "9"]
[EventCountry "ESP"]
[Source "lmi"]
[SourceDate "2010.10.09"]

1. e4 c5 2. Nf3 g6 3. d4 cxd4 4. Qxd4 Nf6 5. Nc3 Nc6 6. Qa4 d6 7. e5 dxe5 8.
Nxe5 Qd4 9. Nc4 Ng4 10. Be3 Nxe3 11. fxe3 Qd8 12. Rd1 Bd7 13. Qb3 Qc8 14. Ne4
Bf5 15. Ng5 Be6 16. Qc3 Rg8 17. Be2 h6 18. Nxe6 Qxe6 19. Bf3 Bg7 20. Qb3 Rb8
21. Bd5 1-0

[Event "I Memorial Oliver Gonzalez Somoza"]
[Site "Madrid ESP"]
[Date "2010.10.12"]
[Round "4.9"]
[White "Gonzalez Tedin, Antonio"]
[Black "Vila Gazquez, Xavier"]
[Result "0-1"]
[WhiteElo "2156"]
[BlackElo "2478"]
[PlyCount "88"]
[EventDate "2010.10.09"]
[EventType "swiss"]
[EventRounds "9"]
[EventCountry "ESP"]
[Source "lmi"]
[SourceDate "2010.10.09"]

1. c4 e5 2. g3 Nc6 3. Bg2 Bc5 4. Nc3 a6 5. e3 d6 6. Nge2 Nge7 7. d4 exd4 8.
Nxd4 Nxd4 9. exd4 Ba7 10. O-O O-O 11. b3 Nf5 12. Ne2 Rb8 13. a4 Re8 14. Bb2 Bd7
15. Re1 Qg5 16. Qd3 Bc6 17. Bc3 Bxg2 18. Kxg2 Qg4 19. Nf4 Nh4+ 20. Kh1 Qf3+ 21.
Qxf3 Nxf3 22. Rxe8+ Rxe8 23. Rd1 Re4 24. Kg2 Nxd4 25. Bxd4 Rxd4 26. Rxd4 Bxd4
27. Nd3 Kf8 28. g4 Ke7 29. Kf3 Be5 30. h3 Ke6 31. Ke3 f5 32. f3 Kf6 33. f4 Bc3
34. Kf3 fxg4+ 35. hxg4 g6 36. Nf2 Ke6 37. Ne4 Bf6 38. Ke3 h5 39. Kf3 c6 40. Kg3
Be7 41. Kf3 d5 42. Ng3 h4 43. cxd5+ Kxd5 44. Ne4 Kd4 0-1

[Event "I Memorial Oliver Gonzalez Somoza"]
[Site "Madrid ESP"]
[Date "2010.10.12"]
[Round "4.10"]
[White "Roa Alonso, Santiago"]
[Black "Castaño, Henry Augusto"]
[Result "1-0"]
[WhiteElo "2454"]
[BlackElo "2205"]
[PlyCount "45"]
[EventDate "2010.10.09"]
[EventType "swiss"]
[EventRounds "9"]
[EventCountry "ESP"]
[Source "lmi"]
[SourceDate "2010.10.09"]

1. e4 d6 2. d4 Nf6 3. Nc3 g6 4. Nge2 c6 5. a4 Bg7 6. g3 O-O 7. Bg2 e5 8. O-O
exd4 9. Nxd4 Na6 10. Bf4 Nb4 11. a5 d5 12. Nb3 Re8 13. Ra4 Qe7 14. Be3 Nd7 15.
exd5 cxd5 16. a6 Bxc3 17. axb7 Bxb7 18. bxc3 Na6 19. Qa1 Qd6 20. c4 Rxe3 21.
fxe3 Re8 22. cxd5 Ne5 23. Qd4 1-0

[Event "I Memorial Oliver Gonzalez Somoza"]
[Site "Madrid ESP"]
[Date "2010.10.12"]
[Round "4.11"]
[White "Almagro Llamas, Pablo"]
[Black "Paredes Sanchez, Juan"]
[Result "1-0"]
[WhiteElo "2451"]
[BlackElo "2206"]
[PlyCount "95"]
[EventDate "2010.10.09"]
[EventType "swiss"]
[EventRounds "9"]
[EventCountry "ESP"]
[Source "lmi"]
[SourceDate "2010.10.09"]

1. e4 c5 2. Nf3 d6 3. d4 cxd4 4. Nxd4 Nf6 5. Nc3 a6 6. Bc4 e6 7. Bb3 Nbd7 8.
Bg5 Qa5 9. Qd2 Be7 10. O-O-O Nc5 11. f4 h6 12. Bxf6 Bxf6 13. Kb1 Bd7 14. Rhe1
O-O-O 15. Ncb5 Qb6 16. Nxd6+ Qxd6 17. e5 Qc7 18. exf6 gxf6 19. Qf2 f5 20. c3
Rhg8 21. Bc2 Rg4 22. g3 Rgg8 23. Re5 b6 24. Ree1 Kb8 25. Qe2 Bc8 26. b4 Nd7 27.
b5 axb5 28. Nxb5 Qc5 29. Nd6 Nf6 30. Nxf7 Rxd1+ 31. Rxd1 Nd5 32. Qe5+ Ka7 33.
c4 Qxc4 34. Bb3 Qe4+ 35. Kb2 Qxe5+ 36. fxe5 Bb7 37. Rd4 f4 38. Bxd5 Bxd5 39.
Rxf4 h5 40. Nd6 Rg5 41. Nf7 Rg7 42. a3 h4 43. g4 h3 44. Kc3 Ka6 45. Nd6 Rc7+
46. Kb2 b5 47. g5 Kb6 48. g6 1-0

[Event "I Memorial Oliver Gonzalez Somoza"]
[Site "Madrid ESP"]
[Date "2010.10.12"]
[Round "4.12"]
[White "Perez De Aranda A., Leonardo I"]
[Black "Rubio Mejia, Luis Ignacio"]
[Result "0-1"]
[WhiteElo "2148"]
[BlackElo "2373"]
[PlyCount "42"]
[EventDate "2010.10.09"]
[EventType "swiss"]
[EventRounds "9"]
[EventCountry "ESP"]
[Source "lmi"]
[SourceDate "2010.10.09"]

1. e4 c5 2. Nf3 d6 3. d4 cxd4 4. Nxd4 Nf6 5. Nc3 a6 6. Bc4 e6 7. Bb3 Nbd7 8. f4
Nc5 9. O-O Be7 10. e5 dxe5 11. fxe5 Nfd7 12. Bf4 Nf8 13. Be3 Ng6 14. Qh5 Qc7
15. Rae1 Qxe5 16. Nf5 exf5 17. Bf4 Qd4+ 18. Be3 Qd6 19. Bf4 Qd8 20. Rxe7+ Qxe7
21. Bg5 Qe5 0-1

[Event "I Memorial Oliver Gonzalez Somoza"]
[Site "Madrid ESP"]
[Date "2010.10.12"]
[Round "4.13"]
[White "Del Rio De Angelis, Salvador G"]
[Black "Vazquez Torres, Adrian"]
[Result "1-0"]
[WhiteElo "2515"]
[BlackElo "2160"]
[PlyCount "87"]
[EventDate "2010.10.09"]
[EventType "swiss"]
[EventRounds "9"]
[EventCountry "ESP"]
[Source "lmi"]
[SourceDate "2010.10.09"]

1. d4 d5 2. c4 dxc4 3. Nf3 e6 4. e3 Nf6 5. Bxc4 c5 6. O-O a6 7. a4 Nc6 8. Qe2
Be7 9. Rd1 cxd4 10. exd4 Nb4 11. Nc3 Nbd5 12. Ne5 O-O 13. Qf3 b6 14. Nc6 Qc7
15. Nxe7+ Nxe7 16. Bf4 Qc6 17. Qxc6 Nxc6 18. Bc7 Na5 19. Ba2 Nd7 20. d5 exd5
21. Nxd5 Nc6 22. Rac1 Bb7 23. Nxb6 Nxb6 24. Bxb6 Nb4 25. Bb3 a5 26. Bc5 Rfc8
27. Rd7 Rab8 28. Bxf7+ Kh8 29. Rdd1 Be4 30. Bxb4 axb4 31. Rxc8+ Rxc8 32. Be6
Ra8 33. Rd4 Bc6 34. Rxb4 Bxa4 35. f3 g6 36. Bd5 Ra5 37. Rb8+ Kg7 38. Rb7+ Kf6
39. Be4 Bb5 40. Kf2 Bc4 41. Rxh7 Bf7 42. h4 Rb5 43. g4 Rxb2+ 44. Kg3 1-0

[Event "I Memorial Oliver Gonzalez Somoza"]
[Site "Madrid ESP"]
[Date "2010.10.12"]
[Round "4.15"]
[White "Perez Mitjans, Orelvis"]
[Black "Blanco Sanchez, Jose Fernando"]
[Result "1-0"]
[WhiteElo "2445"]
[BlackElo "2123"]
[PlyCount "71"]
[EventDate "2010.10.09"]
[EventType "swiss"]
[EventRounds "9"]
[EventCountry "ESP"]
[Source "lmi"]
[SourceDate "2010.10.09"]

1. e4 c6 2. c4 e5 3. Nf3 d6 4. d4 Nd7 5. Nc3 Ngf6 6. Be2 Be7 7. O-O O-O 8. d5
cxd5 9. cxd5 Nc5 10. Qc2 a5 11. Be3 b6 12. Nd2 Ng4 13. Bxg4 Bxg4 14. a3 Bg5 15.
Nc4 Bxe3 16. Nxe3 Bd7 17. b4 Nb7 18. Qd3 Qc7 19. Rac1 Rfc8 20. Ne2 Qd8 21. Ng3
Qe8 22. Qd2 Bb5 23. Rfe1 axb4 24. axb4 Bd7 25. Nef5 h6 26. Nxh6+ gxh6 27. Nh5
Rxc1 28. Nf6+ Kf8 29. Rxc1 Qd8 30. Qxh6+ Ke7 31. Qg5 Kf8 32. h4 Ra4 33. h5 Ke7
34. h6 Qh8 35. Nxd7+ Kxd7 36. Qf5+ 1-0